Chemistry quiz / (Record no. 42451)

MARC details
000 -LEADER
fixed length control field 00670nam a22002297a 4500
005 - DATE AND TIME OF LATEST TRANSACTION
control field 20100818111233.0
010 ## - LCCN (DPL NO)
LC control number ENG-100824
020 ## - INTERNATIONAL STANDARD BOOK NUMBER
Terms of availability 30.00
035 ## - SYSTEM CONTROL NUMBER
System control number EN-84357
037 ## - SOURCE OF ACQUISITION
Source of stock number/acquisition DBAD/PUB
082 ## - DEWEY DECIMAL CLASSIFICATION NUMBER
Classification number 000
100 ## - MAIN ENTRY--PERSONAL NAME
Personal name Babu, J. V.
245 ## - TITLE STATEMENT
Title Chemistry quiz /
Statement of responsibility, etc by J. V. Babu
260 ## - PUBLICATION, DISTRIBUTION, ETC. (IMPRINT)
Place of publication, distribution, etc Vijayawada
Name of publisher, distributor, etc Rushi Book House
Date of publication, distribution, etc 2008
270 ## - ADDRESS
Address 14-11-14/1, Atchutaramaiah Street
City Vijayawada
Postal code 520003
300 ## - PHYSICAL DESCRIPTION
Extent 80 p.
Dimensions 23cm (Pbk)
650 ## - SUBJECT ADDED ENTRY--TOPICAL TERM
Topical term or geographic name as entry element Chmistry
700 ## - ADDED ENTRY--PERSONAL NAME
9 (RLIN) 4162
700 ## - ADDED ENTRY--PERSONAL NAME
9 (RLIN) 14835
942 ## - ADDED ENTRY ELEMENTS (KOHA)
Source of classification or shelving scheme Dewey Decimal Classification
Item type English Books
Classification part 000
Call number suffix BAB
Holdings
Withdrawn status Lost status Not for loan Collection code Home library Current library Date acquired Cost, normal purchase price Full call number Barcode Copy number Cost, replacement price Koha item type
    Not For Loan Non-fiction D.B.Act.Division D.B.Act.Division 18/08/2010 30.00 000 JVB EN-84357 1 30.00 English Books

© Delhi Public Library
Hit Counter
free hit counter